| 000 | | | 03741nmc2a22002533x 450 |
| 001 | | | 93931217-6fd8-45ae-b8a5-9726d70afe51 |
| 005 | | | 20221108002749.0 |
| 100 | ## | $a | 20211001l18981916k l0rusy0189 ca |
| 101 | 0# | $a | rus |
| | $a | fre |
| | $a | und |
| 102 | ## | $a | RU |
| 105 | ## | $a | y### |
| 122 | 2# | $a | d |
| 200 | 1# | $a | Счета по покупке предметов домашнего обихода, производству ремонтно-строительных работ и другим расходам |
| | $j | 23 декабря 1898 г. - 1916 гг. |
| | $h | Том 1 |
| 215 | ## | $a | 220 л. |
| | $d | 36,5х26 см |
| 251 | ## | $c | Дело |
| 300 | ## | $a | Имущественный материал |
| 300 | ## | $a | На русском, французском и иностранных языках |
| 371 | ## | $a | Документ не является опубликованным и широко распространяемым |
| 461 | #0 | $1 | 001db61d72f-43f2-409f-8a83-e0351aa81d78 |
| | $1 | 2001 |
| | $a | Молчанов Анатолий Евграфович (1856-1921) |
| | $1 | 251 |
| | $c | Фонд |
| | $1 | 852 |
| | $j | 678 |
| 462 | #0 | $1 | 0019dad07dd-c609-4d13-9b36-4e45395a7de5 |
| | $1 | 2001 |
| | $a | Молчанов Анатолий Евграфович |
| | $1 | 251 |
| | $c | Опись |
| | $1 | 852 |
| | $j | 1 |
| 801 | #0 | $a | RU |
| | $b | РГИА |
| | $c | 20211001 |
| | $g | RCR |
| 801 | #1 | $a | RU |
| | $b | ГлавНИВЦ |
| | $c | 20211001 |
| | $2 | rusmarc |
| 801 | #2 | $a | RU |
| | $b | ПБ им. Б.Н. Ельцина |
| | $c | 20221108 |
| | $g | RCR |
| | $2 | rusmarc |
| 850 | ## | $a | РГИА |
| 852 | ## | $a | РГИА |
| | $e | Федеральное казенное учреждение "Российский государственный исторический архив" (РГИА) |
| | $j | 1483 |
| 937 | ## | $h | РГИА |
| | $d | 12322913 |
| | $a | ASBIBLIO_SCAN |
| 035 | ## | $a | RusGRCC00047005 |
| 856 | ## | $u | http://readingroom.main.prlib.ru/item.aspx?id_node=n180453164&mode=full |